000
00320nam a2200109Ia 4500
008
220216s9999 xx 000 0 und d
100
_a
Seneviratne Priyani
245
0
_a
Young budding: A better planting material
260
_b
Bulletin of the Rubber Research Institute of Sri Lanka
_c
1995
300
_a
35-38
942
_c
JS
999
_c
72591
_d
72591